Bundesliga Spieler 25/26 in den top 20 bis jetzt - Statistiken

Allgemein
  • Dieses Quiz wurde 85 mal gespielt
  • Das Durchschnittsergebnis liegt bei 2 aus 15
Answers on the Grid
Answers color-coded by a green-red scale on the quiz's grid according to % correct below.
Upamecano
Pieper
Kobel
Grimaldo
Olise
Undav
Pavlovic
Diomande
Tah
Schlotterbeck
Burkardt
Nmecha
Zentner
Anton
Raum
Schwäbe
Chabot
Baumgartner
Ouedraogo
Grabara
Kane
El Mala
Uzun
Karl
Maza
Bensebaini
Stiller
Laimer
Kaars
Prömel
 
Antwortstatistiken
Antwort % Korrekt
Olise
56%
Kane
31%
Schlotterbeck
31%
Grimaldo
23%
Undav
23%
Laimer
15%
Tah
13%
Baumgartner
10%
El Mala
10%
Pieper
6%
Anton
2%
Ouedraogo
2%
Prömel
2%
Bensebaini
0%
Grabara
0%
Keine übereinstimmenden Quizze gefunden
Verteilung der Resultate
Anzahl Personen mit jedem Resultat
Perzentil nach korrekt beantworteten Fragen
Ihre Resultats-Entwicklung
Sie haben dieses Quiz noch nicht gespielt